Umowa gwarancji : (Rekord nr 33719)
| 000 -ETYKIETA REKORDU | |
|---|---|
| podpole kontrolne o stałej długości | 00702nam a2200229 i 4500 |
| 001 - NUMER KONTROLNY REKORDU | |
| pole kontrolne | bg |
| 020 ## - MIĘDZYNARODOWY ZNORMALIZOWANY NUMER KSIĄŻKI - ISBN | |
| ISBN | 8386393874 |
| 040 ## - ŹRÓDŁO KATALOGOWANIA | |
| Instytucja, która utworzyła rekord | BPK |
| 041 0# - KOD JĘZYKA | |
| Kod języka tekstu | pl |
| 080 ## - UNIWERSALNA KLASYFIKACJA DZIESIĘTNA - UKD | |
| UKD | 347.73:346.54 |
| 920 ## - Międzynarodowy znormalizowany numer książki – ISBN | |
| ISBN | 83-86393-87-4 |
| 008 - POLE O STAŁEJ DŁUGOŚCI - DANE KONTROLNE | |
| podpole kontrolne o stałej długości | s pl f |000 0 pol |
| 100 1# - NAZWA OSOBOWA | |
| Nazwa osobowa | TRACZ, Grzegorz |
| 245 10 - TYTUŁ/ODPOWIEDZIALNOŚĆ | |
| Tytuł | Umowa gwarancji : |
| Ciąg dalszy tytułu | ze szczególnym uwzględnieniem gwarancji bankowej / |
| Pozostałe elementy strefy tytułu i oznaczenia odpowiedzialności | Grzegorz Tracz. |
| 250 ## - STREFA WYDANIA | |
| Oznaczenie wydania | Stan prawny na 1 września 1997 r. |
| 260 ## - STREFA ADRESU WYDAWNICZEGO | |
| Miejsce wydania | Kraków : |
| Nazwa wydawcy/dystrybutora | "Zakamycze", |
| Data publikacji, dystrybucji/powstania dokumentu | 1998. |
| 300 ## - STREFA OPISU FIZYCZNEGO | |
| Objętość | 341 s. ; |
| Rozmiary | 20 cm. |
| 504 ## - UWAGA DOTYCZĄCA BIBLIOGRAFII | |
| Informacje o bibliografii | Bibliogr. s. 331-341. |
| 650 #9 - HASŁO PRZEDMIOTOWE W FORMIE NAZWY OGÓLNEJ LUB JEDNOSTKOWEJ | |
| Nazwa ogólna lub geograficzna | Umowa gwarancji |
| Określnik ogólny | prawo |
| Określnik geograficzny | Polska |
| Określnik chronologiczny | stan na 1997 r. |
| 650 #9 - HASŁO PRZEDMIOTOWE W FORMIE NAZWY OGÓLNEJ LUB JEDNOSTKOWEJ | |
| Nazwa ogólna lub geograficzna | Umowa gwarancji |
| Określnik ogólny | prawo |
| Określnik geograficzny | Europa |
| Określnik chronologiczny | stan na 1997 r. |
| 856 ## - LOKALIZACJA I DOSTĘP DO ELEKTRONICZNYCH DOKUMENTÓW ZDALNYCH | |
| Link (URL) | http://koha.tu.koszalin.pl/cgi-bin/koha/opac-detail.pl?biblionumber=33719 |
| Tekst linku | Katalog online BPK |
| 942 ## - DODATKOWE ELEMENTY (KOHA) | |
| Typ dokumentu | Książka |
| Wycofany | Status egzemplarza | Uszkodzony | Dostępność | Lokalizacja stała | Lokalizacja bieżąca | Miejsce przechowywania | Sygnatura | Kod kreskowy | Dział | Typ dokumentu |
|---|---|---|---|---|---|---|---|---|---|---|
| Tylko na miejscu | Biblioteka Politechniki Koszalińskiej | Biblioteka Politechniki Koszalińskiej | Czytelnia Wydziałowa ul. Kwiatkowskiego 6e | 45009 | 01340907 | 347.7 Prawo handlowe. Prawo spółek | Książka |
